[Event "Tourn. n8462"]
[Site "www.chess-mail.com"]
[Date "2015.11.20"]
[Round "1"]
[White "Cathar"]
[Black "Norlavuaram"]
[WhiteElo "2280"]
[BlackElo "2260"]
[Result "1-0"]
[Round "1"]
1.Ng1f3 Ng8f6
2.c4 g6
3.Nb1c3 Bf8g7
4.e4 d6
5.d4 O-O
6.h3 Nb8d7
7.Bc1e3 c5
8.d5 Nf6e8
9.Bf1d3 a6
10.O-O Ra8b8
11.a4 Ne8c7
12.Qd1d2 Rf8e8
13.Be3h6 Bg7h8
14.Ra1a3 Nd7e5
15.Nf3xe5 Bh8xe5
16.f4 Be5d4
17.Kh1 e6
18.Nc3e2 Bd4h8
19.f5 exf5
20.exf5 Qd8f6
21.Ne2c3 Qf6e5
22.fxg6 hxg6
23.Ra3a1 Qe5h5
24.Rf1f3 Re8e7
25.Ra1f1 Nc7e8
26.Nc3e4 Kh7
27.Rf3xf7 Re7xf7
28.Rf1xf7 Ne8g7
29.Ne4f6 { resign }
1-0

[Event "Tourn. n8478"]
[Site "www.chess-mail.com"]
[Date "2015.11.20"]
[Round "1"]
[White "Seger"]
[Black "Cathar"]
[WhiteElo "2740"]
[BlackElo "2320"]
[Result "1-0"]
[Round "1"]
1.d4 Ng8f6
2.c4 e6
3.Ng1f3 b6
4.Nb1c3 Bf8b4
5.e3 Bc8b7
6.Bf1d3 Nf6e4
7.O-O Bb4xc3
8.bxc3 O-O
9.Bc1a3 d6
10.c5 dxc5
11.dxc5 Ne4xc5
12.Ba3xc5 bxc5
13.Bd3xh7 Kxh7
14.Qd1b1 { resign }
1-0

[Event "Tourn. n8392"]
[Site "www.chess-mail.com"]
[Date "2015.11.20"]
[Round "1"]
[White "Julian"]
[Black "Libiesse"]
[WhiteElo "1830"]
[BlackElo "2090"]
[Result "0-1"]
[Round "1"]
1.e4 c5
2.Ng1f3 e6
3.c3 Nb8c6
4.d4 d5
5.e5 cxd4
6.cxd4 Qd8c7
7.Nb1c3 g6
8.Bf1d3 Bf8g7
9.O-O Ng8e7
10.g4 a6
11.Bc1g5 b5
12.a3 Nc6a5
13.Ra1c1 Qc7b6
14.Bg5f6 Rh8g8
15.h4 Bg7xf6
16.exf6 Na5c4
17.fxe7 Nc4xb2
18.Qd1e2 Nb2c4
19.Nf3e5 Qb6xd4
20.Ne5c6 Qd4f6
21.g5 Qf6f4
22.Kg2 Qf4xh4
23.Rf1g1 Qh4xg5
24.Kh2 Qg5h4
25.Kg2 Qh4g5
26.Kf3 Nc4d2
27.Qe2xd2 Qg5xd2
28.Rg1d1 Qd2b2
29.a4 b4
30.Rc1c2 Qb2xc2
31.Bd3xc2 bxc3
32.Kf4 Bc8d7
33.Nc6e5 Kxe7
34.Ne5xd7 Kxd7
35.Ke5 Ke7
36.f4 Ra8b8
37.Kd4 Rg8c8
38.Rd1d3 Rb8b4
39.Ke3 Rb4e4
40.Kf3 Rc8c4
41.a5 Re4xf4
42.Ke2 h5
43.Rd3e3 d4
44.Re3d3 Rc4b4
45.Rd3d1 Rb4b2
46.Kd3 g5
47.Bc2a4 e5
48.Ba4c6 Kd6
49.Bc6h1 Kc5
50.Bh1a8 h4
51.Ba8h1 f5
{ resign }
0-1

[Event "Tourn. n8392"]
[Site "www.chess-mail.com"]
[Date "2015.11.20"]
[Round "1"]
[White "Falcoale"]
[Black "Julian"]
[WhiteElo "1910"]
[BlackElo "1830"]
[Result "0-1"]
[Round "1"]
1.e4 c5
2.Ng1f3 d6
3.d4 cxd4
4.Nf3xd4 Ng8f6
5.Nb1c3 a6
6.Bf1c4 e6
7.O-O Bf8e7
8.a3 b5
9.Bc4a2 Bc8b7
10.Rf1e1 Nb8d7
11.b4 O-O
12.Nd4f3 Nd7b6
13.Nf3d2 Ra8c8
14.Bc1b2 Nb6c4
15.Nd2xc4 bxc4
16.Qd1e2 d5
17.exd5 Nf6xd5
18.Nc3xd5 Qd8xd5
19.f3 Qd5c6
20.Qe2f2 c3
21.Bb2c1 a5
22.bxa5 Be7c5
23.Bc1e3 Bc5xe3
24.Qf2xe3 Rf8d8
25.Qe3g5 Rd8d2
26.Ra1c1 Qc6c5
27.Qg5xc5 Rc8xc5
28.Ba2b3 Rc5xa5
29.a4 Ra5g5
30.Re1d1 Rg5xg2
31.Kf1 Bb7xf3
32.Rd1xd2 cxd2
33.Rc1a1 Rg2xh2
{ resign }
0-1

[Event "Tourn. n8455"]
[Site "www.chess-mail.com"]
[Date "2015.11.20"]
[Round "1"]
[White "Gatrooper"]
[Black "Roque1"]
[WhiteElo "1590"]
[BlackElo "1520"]
[Result "0-1"]
[Round "1"]
1.e4 c5
2.c4 Ng8f6
3.d3 e6
4.h3 Bf8e7
5.a3 Nb8c6
6.Ng1f3 O-O
7.Nb1c3 d6
8.Nf3g5 Nc6d4
9.Bc1e3 Nf6xe4
10.Nc3xe4 f5
11.Be3xd4 cxd4
12.Qd1h5 h6
13.h4 fxe4
14.dxe4 Rf8f4
15.Ng5f7 Rf4xf7
16.O-O-O Rf7xf2
17.Rd1d2 Rf2f8
18.Rd2xd4 e5
19.Rd4d3 Bc8e6
20.Rd3g3 Be7f6
21.Qh5g6 Qd8a5
22.Bf1d3 Ra8c8
23.Rh1f1 Qa5d8
24.Qg6xh6 Be6xc4
25.Bd3xc4 Rc8xc4
26.Kb1 Rc4xe4
27.Qh6g6 Re4xh4
28.Rf1f3 Rh4h1
29.Ka2 Qd8e7
30.Rg3h3 Qe7e6
31.b3 Rh1a1
32.Kxa1 e4
33.Ka2 exf3
34.Qg6h7 Kf7
35.Rh3g3 Qe6e2
36.Kb1 Qe2b2

0-1

[Event "Tourn. n8474"]
[Site "www.chess-mail.com"]
[Date "2015.11.20"]
[Round "1"]
[White "Yangqi"]
[Black "Cathar"]
[WhiteElo "2570"]
[BlackElo "2300"]
[Result "1-0"]
[Round "1"]
1.e4 e5
2.f4 d5
3.exd5 exf4
4.Ng1f3 Ng8f6
5.Bf1b5 c6
6.dxc6 Nb8xc6
7.d4 Bf8d6
8.O-O O-O
9.Nb1d2 Bd6c7
10.c3 Qd8d5
11.Bb5d3 Bc8f5
12.c4 Qd5d7
13.Nd2b3 Bf5xd3
14.Qd1xd3 Ra8d8
15.Bc1d2 Rf8e8
16.Ra1e1 Re8xe1
17.Rf1xe1 b6
18.Bd2c3 Nf6g4
19.d5 Nc6e7
20.Nb3d4 Ng4h6
21.Qd3e4 Nh6f5
22.Bc3b4 Nf5xd4
23.Nf3xd4 Ne7g6
24.Nd4c6 Rd8c8
25.Nc6xa7 { resign }
1-0

[Event "Tourn. n8467"]
[Site "www.chess-mail.com"]
[Date "2015.11.20"]
[Round "1"]
[White "Pablincho"]
[Black "Dulap"]
[WhiteElo "1900"]
[BlackElo "1680"]
[Result "1-0"]
[Round "1"]
1.e4 e5
2.Ng1f3 Nb8c6
3.Bf1c4 Bf8c5
4.Nb1c3 Ng8f6
5.h3 d6
6.O-O O-O
7.d3 Bc8e6
8.Nc3d5 h6
9.c3 Nc6a5
10.Nd5xf6 Qd8xf6
11.Bc4xe6 fxe6
12.b4 { resign }
1-0

[Event "Tourn. n8461"]
[Site "www.chess-mail.com"]
[Date "2015.11.20"]
[Round "1"]
[White "Dulap"]
[Black "Azulmarino"]
[WhiteElo "1800"]
[BlackElo "1750"]
[Result "1-0"]
[Round "1"]
1.e4 e5
2.Ng1f3 Nb8c6
3.Bf1c4 h6
4.Nb1c3 Ng8f6
5.d3 d6
6.h3 Nc6d4
7.Nf3xd4 exd4
8.Nc3e2 c5
9.Bc1f4 Bf8e7
10.c3 Qd8b6
11.cxd4 cxd4
12.Qd1b3 Qb6a5
13.Bf4d2 Qa5c7
14.Bc4xf7 Kd8
15.Ne2xd4 Be7f8
16.O-O Bc8d7
17.Bf7e6 a6
18.Ra1c1 Bd7xe6
19.Nd4xe6 { resign }
1-0

[Event "Tourn. n8464"]
[Site "www.chess-mail.com"]
[Date "2015.11.20"]
[Round "1"]
[White "Asoka"]
[Black "Yangqi"]
[WhiteElo "2670"]
[BlackElo "2550"]
[Result "1/2-1/2"]
[Round "1"]
1.d4 d5
2.c4 e6
3.Ng1f3 Ng8f6
4.Nb1c3 c5
5.cxd5 exd5
6.Bc1g5 cxd4
7.Bg5xf6 Qd8xf6
8.Nc3xd5 Qf6d8
9.Qd1xd4 Nb8c6
10.Qd4e4 Bc8e6
11.Nd5c3 Qd8b6
12.Qe4c2 Bf8e7
13.e3 O-O
14.Bf1e2 Nc6b4
15.Qc2b1 Be7f6
16.O-O Rf8d8
17.a3 Nb4d5
18.Nc3e4 Qb6xb2
19.Ne4xf6 Qb2xf6
20.Nf3d4 Nd5c3
21.Qb1d3 Nc3xe2
{ draw }
1/2-1/2

[Event "Tourn. n8443"]
[Site "www.chess-mail.com"]
[Date "2015.11.20"]
[Round "1"]
[White "Gatrooper"]
[Black "Neo"]
[WhiteElo "1630"]
[BlackElo "1810"]
[Result "1-0"]
[Round "1"]
1.e4 e5
2.a3 h6
3.h3 d6
4.Ng1f3 Ng8f6
5.d3 a6
6.Nb1c3 Bf8e7
7.d4 Nb8d7
8.Bf1c4 O-O
9.Nc3d5 Nf6xe4
10.dxe5 Nd7xe5
11.Nf3xe5 dxe5
12.Qd1d3 Bc8f5
13.Qd3f1 Be7c5
14.Bc1e3 Bc5xe3
15.Nd5xe3 Bf5g6
16.Ra1d1 Qd8e7
17.Ne3d5 Qe7c5
18.b4 Qc5c6
19.Nd5e7 Kh8
20.Ne7xc6 bxc6
21.Rd1d7 f6
22.Bc4a2 Ne4c3
23.Ba2c4 Bg6e8
24.Rd7xc7 Ra8d8
25.Bc4e2 Be8g6
26.Be2d3 Bg6h5
27.g4 Bh5e8
28.Qf1g2 Rd8d4
29.O-O Be8d7
30.Qg2f3 Rd4f4
31.Qf3h1 Rf8d8
32.Bd3xa6 Nc3d5
33.Rc7a7 e4
34.c4 Nd5e7
35.c5 g5
36.Ba6e2 Kg7
37.f3 exf3
38.Be2xf3 Ne7d5
39.Bf3xd5 Rf4xf1
40.Kxf1 cxd5
41.a4 Kg6
42.b5 d4
43.h4 Bd7xg4
44.h5 Bg4xh5
45.Qh1e4 f5
46.Qe4e6 
1-0

[Event "Tourn. n8481"]
[Site "www.chess-mail.com"]
[Date "2015.11.20"]
[Round "1"]
[White "Goosebumps"]
[Black "Umzi"]
[WhiteElo "2130"]
[BlackElo "2160"]
[Result "1/2-1/2"]
[Round "1"]
1.c4 e5
2.g3 Ng8f6
3.Bf1g2 Bf8c5
4.Nb1c3 O-O
5.e3 c6
6.d4 exd4
7.exd4 Bc5b6
8.Bc1f4 Rf8e8
9.Ng1e2 Bb6c7
10.O-O d6
11.Qd1c2 Bc8e6
12.b3 Qd8d7
13.Rf1e1 Nb8a6
14.a3 Be6h3
15.Bg2h1 Bh3g4
16.Nc3e4 Nf6xe4
17.Bh1xe4 h6
18.b4 Bg4xe2
19.Re1xe2 d5
20.Bf4xc7 Na6xc7
21.Be4g2 dxc4
22.Re2xe8 Ra8xe8
23.Qc2xc4 { draw }
1/2-1/2

[Event "Tourn. n8418"]
[Site "www.chess-mail.com"]
[Date "2015.11.20"]
[Round "1"]
[White "Daquata"]
[Black "Julian"]
[WhiteElo "1890"]
[BlackElo "1770"]
[Result "0-1"]
[Round "1"]
1.e4 c5
2.Ng1f3 d6
3.d4 cxd4
4.Nf3xd4 Ng8f6
5.Nb1c3 a6
6.Bc1e3 e5
7.Nd4b3 Bc8e6
8.f3 Nb8d7
9.Qd1d2 Ra8c8
 { time }
0-1

[Event "Tourn. n8472"]
[Site "www.chess-mail.com"]
[Date "2015.11.20"]
[Round "1"]
[White "Goosebumps"]
[Black "Fred"]
[WhiteElo "2060"]
[BlackElo "2010"]
[Result "1-0"]
[Round "1"]
1.d4 e6
2.e3 Bf8b4
3.c3 Bb4a5
4.Bf1d3 f5
5.e4 Ng8f6
6.exf5 O-O
7.fxe6 Nb8c6
8.a4 a6
9.exd7 Qd8e7
10.Qd1e2 Qe7xe2
11.Ng1xe2 Bc8xd7
12.Bc1f4 Ra8e8
13.b4 Ba5xb4
14.cxb4 Nc6xb4
15.Bd3c4 Bd7e6
16.Bc4xe6 Re8xe6
17.Kd1 Nf6g4
18.Bf4g3 Ng4xf2
19.Bg3xf2 Rf8xf2
20.Nb1c3 Rf2xg2
21.Ne2f4 Re6e3
22.Nf4xg2 Re3xc3
23.Ra1c1 Rc3d3
24.Ke2 Rd3xd4
25.Rc1xc7 b6
26.Rh1f1 h6
27.Rf1f4 Rd4xf4
28.Ng2xf4 b5
29.a5 Kh7
30.Kd2 Kg8
31.Kc3 g5
32.Kxb4 gxf4
33.Kc5 f3
34.Kb6 f2
35.Rc7c1 Kg7
36.Rc1f1 Kf6
37.Kxa6 Ke6
38.Kxb5 Kd7
39.Rf1c1 Kd6
40.a6 f1Q
41.Rc1xf1 Kc7
42.Rf1f8 h5
43.a7 { resign }
1-0

[Event "Match"]
[Site "www.echecsemail.com"]
[Date "2015.11.20"]
[Round "1"]
[White "Add"]
[Black "Pinehill"]
[WhiteElo "1970"]
[BlackElo "2030"]
[Result "0-1"]
[Round "1"]
1.e4 d5
2.exd5 Ng8f6
3.Nb1c3 g6
4.d4 Bf8g7
5.Bf1c4 O-O
6.h3 Nb8d7
7.Ng1f3 Nd7b6
8.Bc4b3 Nb6xd5
9.Nc3xd5 Nf6xd5
10.c3 Bc8f5
11.Bb3c2 e6
12.Bc2xf5 exf5
13.O-O c6
14.Rf1e1 Qd8c7
15.Bc1g5 Rf8e8
16.Qd1d2 Re8e4
17.Bg5h6 Ra8e8
18.Bh6xg7 Kxg7
19.Ra1c1 f6
20.a3 h6
21.Nf3h2 Re4xe1
22.Rc1xe1 Re8xe1
23.Qd2xe1 Qc7e7
24.Qe1xe7 Nd5xe7
25.Nh2f3 b5
26.Nf3d2 a5
27.Nd2b3 a4
28.Nb3c5 Ne7c8
29.b3 axb3
30.Nc5xb3 f4
31.f3 g5
32.Kf2 Nc8e7
33.Nb3a5 f5
34.c4 h5
35.cxb5 cxb5
36.Na5b3 Ne7d5
37.Nb3c5 Nd5c3
38.Nc5e6 Kf6
39.Ne6c7 h4
40.d5 Ke5
41.Nc7e6 g4
42.hxg4 fxg4
43.Ne6c7 g3
44.Ke1 b4
45.axb4 Nc3xd5
46.Nc7a6 Kd4
{ resign }
0-1

[Event "Match"]
[Site "www.echecsemail.com"]
[Date "2015.11.20"]
[Round "1"]
[White "Gambitmiau"]
[Black "Dulap"]
[WhiteElo "1820"]
[BlackElo "999"]
[Result "0-1"]
[Round "1"]
1.e4 e5
2.d4 exd4
3.c3 dxc3
4.Bf1c4 Nb8c6
5.Qd1f3 Nc6e5
6.Qf3e2 Ne5xc4
7.Qe2xc4 d6
8.Nb1xc3 Ng8f6
9.Bc1g5 Bf8e7
10.Ng1f3 O-O
11.O-O h6
12.Bg5e3 Bc8g4
13.Nf3d4 c5
14.Nd4e2 Rf8e8
15.f3 Bg4e6
16.Nc3d5 a6
17.Ra1d1 b5
18.Nd5xf6 Be7xf6
19.Qc4c2 Qd8a5
20.Ne2c3 Ra8d8
21.a4 Bf6xc3
22.bxc3 Qa5xa4
23.Qc2f2 Be6c4
24.Rf1e1 Qa4b3
25.h3 Qb3xc3
26.Qf2g3 Qc3f6
27.Be3f4 a5
28.e5 dxe5
29.Rd1xd8 Re8xd8
30.Bf4xe5 Qf6g6
31.Qg3xg6 fxg6
32.Be5c7 Rd8a8
33.Bc7b6 a4
34.Bb6xc5 a3
35.Bc5b4 a2
36.Bb4c3 b4
37.Bc3a1 b3
38.Re1e7 Ra8b8
39.Re7xg7 Kf8
40.Rg7h7 b2
41.Rh7h8 Kg7
42.Ba1xb2 Rb8xb2
43.Rh8a8 Rb2b1
44.Kf2 a1Q
45.Ra8xa1 Rb1xa1
{ resign }
0-1

[Event "Match"]
[Site "www.echecsemail.com"]
[Date "2015.11.20"]
[Round "1"]
[White "Cardiff"]
[Black "Bojan"]
[WhiteElo "1780"]
[BlackElo "1900"]
[Result "0-1"]
[Round "1"]
1.c4 g6
2.Nb1c3 Bf8g7
3.d4 e6
4.e4 c6
5.Ng1f3 d6
6.Bc1e3 Ng8e7
7.Bf1e2 Nb8d7
8.Qd1d2 h6
9.O-O c5
10.Rf1d1 b6
11.d5 e5
12.Nc3b5 Nd7f6
13.Nb5c3 Nf6g4
14.Ra1c1 Ng4xe3
15.Qd2xe3 f5
16.Be2d3 f4
17.Qe3e2 a6
18.a3 O-O
19.b4 a5
20.bxc5 dxc5
21.a4 g5
22.h3 Bg7f6
23.Nc3b5 Ra8b8
24.Nf3h2 Qd8e8
25.Nh2g4 Bf6g7
26.Ng4h2 Qe8g6
27.Kh1 h5
28.f3 Kh7
29.Qe2f2 Ne7g8
30.Bd3c2 Ng8h6
31.d6 Rf8d8
32.Rd1d2 Nh6f7
33.Rc1d1 Bc8d7
34.Nb5c7 Bd7c6
35.d7 Rb8b7
36.Nc7e8 Qg6e6
37.Ne8xg7 Kxg7
38.Bc2b3 Rb7xd7
39.Rd2xd7 Rd8xd7
40.Rd1xd7 Bc6xd7
41.Qf2d2 Qe6e8
42.Qd2c2 Bd7e6
43.Nh2f1 Qe8d7
44.Nf1d2 g4
45.hxg4 hxg4
46.fxg4 Be6xg4
47.Nd2f1 Qd7d4
48.Nf1d2 Nf7g5
49.Bb3a2 Bg4e2
50.Ba2b3 Be2d3
{ resign }
0-1

[Event "Match"]
[Site "www.echecsemail.com"]
[Date "2015.11.20"]
[Round "1"]
[White "Masteratches"]
[Black "Drdoom"]
[WhiteElo "1699"]
[BlackElo "1720"]
[Result "1-0"]
[Round "1"]
1.d4 e6
2.c4 d5
3.Nb1c3 Bf8b4
4.a3 Bb4xc3
5.bxc3 h6
6.Bc1f4 Ng8f6
7.e3 O-O
8.Qd1c2 Nb8d7
9.cxd5 Nf6xd5
10.Bf4g3 Nd7f6
11.Ng1f3 a6
12.Bf1d3 Kh8
13.c4 Nd5e7
14.O-O c6
15.c5 b5
16.a4 Bc8b7
17.Rf1b1 Ne7d5
18.Bg3d6 Rf8e8
19.Nf3e5 Qd8c8
20.Ne5xf7 Kg8
21.Bd3g6 { resign }
1-0

[Event "Match"]
[Site "www.echecsemail.com"]
[Date "2015.11.20"]
[Round "1"]
[White "Llord"]
[Black "Acucar1"]
[WhiteElo "1860"]
[BlackElo "1610"]
[Result "0-1"]
[Round "1"]
1.e4 e5
2.Ng1f3 Ng8f6
3.Nb1c3 Bf8b4
4.Bf1c4 O-O
5.Nf3xe5 Qd8e8
6.Ne5g4 Nf6xg4
7.Qd1xg4 d5
8.Qg4g3 dxc4
9.a3 Bb4xc3
10.dxc3 Qe8xe4
11.Bc1e3 Qe4xc2
12.Be3h6 Rf8e8
13.Kf1 Qc2e2
{ resign }
0-1

[Event "Match"]
[Site "www.echecsemail.com"]
[Date "2015.11.20"]
[Round "1"]
[White "Drdoom"]
[Black "Goosebumps"]
[WhiteElo "1730"]
[BlackElo "2100"]
[Result "0-1"]
[Round "1"]
1.e4 e5
2.Ng1f3 Nb8c6
3.d4 exd4
4.Nf3xd4 Bf8c5
5.Nd4xc6 bxc6
6.Bf1d3 d5
7.Qd1e2 Ng8e7
8.O-O O-O
9.c3 Rf8e8
10.Nb1d2 Ne7g6
11.g3 dxe4
12.Bd3xe4 Bc5b6
13.Qe2f3 Bc8b7
14.Be4xc6 Ng6e5
{ resign }
0-1

[Event "Match"]
[Site "www.echecsemail.com"]
[Date "2015.11.20"]
[Round "1"]
[White "Farnation"]
[Black "Nugun"]
[WhiteElo "1220"]
[BlackElo "1590"]
[Result "0-1"]
[Round "1"]
1.e4 c6
2.d4 d5
3.e5 e6
4.Ng1f3 Nb8d7
5.Bc1g5 Bf8e7
6.h4 f6
7.Bg5f4 c5
8.dxc5 Nd7xc5
9.exf6 Be7xf6
10.Bf1b5 Bc8d7
11.Bb5e2 Bf6xb2
12.Nb1d2 Bb2xa1
13.Qd1xa1 Ng8f6
14.Nf3e5 O-O
15.g4 Nc5e4
16.Nd2xe4 Qd8a5
17.Bf4d2 Qa5b6
18.Ne5xd7 Nf6xd7
19.h5 dxe4
20.g5 Qb6xf2
21.Kd1 e3
22.Bd2e1 Qf2g2
23.Rh1h4 Qg2d5
24.Kc1 Ra8c8
25.c4 b5
26.g6 bxc4
27.Qa1b1 Rc8b8
28.gxh7 Kf7
29.h6 Rb8xb1
30.Kxb1 Rf8b8
31.Kc1 Qd5g2
32.Be2xc4 e2
33.hxg7 Qg2xg7
34.Rh4e4 Rb8c8
35.Re4xe2 Rc8xc4
36.Kd1 Qg7a1
{ resign }
0-1

[Event "Match"]
[Site "www.echecsemail.com"]
[Date "2015.11.20"]
[Round "1"]
[White "Jhw"]
[Black "Kcriss"]
[WhiteElo "1940"]
[BlackElo "1840"]
[Result "1-0"]
[Round "1"]
1.c4 e5
2.e3 Nb8c6
3.Ng1f3 Bf8b4
4.a3 Bb4a5
5.b4 Ba5b6
6.c5 e4
7.Nf3d4 d5
8.cxb6 axb6
9.Bf1b5 Ng8e7
10.Bc1b2 O-O
11.Nd4xc6 bxc6
12.Bb5e2 Ne7f5
13.Nb1c3  { time }
1-0

[Event "Match"]
[Site "www.echecsemail.com"]
[Date "2015.11.20"]
[Round "1"]
[White "Genius7"]
[Black "Abuelo"]
[WhiteElo "1730"]
[BlackElo "2170"]
[Result "1-0"]
[Round "1"]
1.e4 e5
2.Ng1f3 d6
3.d4 exd4
4.Qd1xd4 Nb8c6
5.Bf1b5 Bc8d7
6.Bb5xc6 Bd7xc6
7.c4 Ng8f6
8.Nb1c3 h6
9.O-O Bf8e7
10.Nc3d5 O-O
11.Rf1e1 Qd8d7
12.b4 a6
13.Bc1b2 Nf6h5
14.Nd5xe7 Qd7xe7
15.a4 Bc6e8
{ time. }
1-0

[Event "Match"]
[Site "www.echecsemail.com"]
[Date "2015.11.20"]
[Round "1"]
[White "Wagner"]
[Black "Dulap"]
[WhiteElo "1720"]
[BlackElo "1720"]
[Result "1-0"]
[Round "1"]
1.e4 e5
2.Ng1f3 Nb8c6
3.c3 Ng8f6
4.d3 Bf8c5
5.h3 d6
6.b4 Bc5b6
7.b5 Nc6e7
8.g4 Ne7g6
9.g5 Nf6d7
10.d4 O-O
11.Nb1d2 f6
12.Nd2b1 Qd8e7
13.Bc1a3 Qe7f7
14.Nb1d2 fxg5
15.Bf1c4 exd4
16.Bc4xf7 { resign }
1-0

[Event "1/32 Finale"]
[Site "www.chess-mail.com"]
[Date "2015.11.20"]
[Round "1"]
[White "Montinskij"]
[Black "Nimzo"]
[WhiteElo "2319"]
[BlackElo "2770"]
[Result "0-1"]
[Round "1"]
1.e4 e6
2.d4 d5
3.Nb1c3 Ng8f6
4.Bc1g5 dxe4
5.Nc3xe4 Bf8e7
6.Ne4xf6 Be7xf6
7.Bg5xf6 Qd8xf6
8.Ng1f3 O-O
9.c3 b6
10.Bf1d3 Bc8b7
11.Qd1c2 Bb7xf3
12.gxf3 Qf6h4
13.Bd3e4 c6
14.Qc2e2 Rf8c8
15.O-O-O Nb8d7
16.Be4c2 Nd7f6
17.Qe2e5 a5
18.Qe5g3 Qh4h6
19.Kb1 a4
20.a3 Ra8a5
21.h4 g6
22.Qg3d6 Ra5d5
23.Qd6e7 Qh6f4
24.Qe7b7 Rd5d8
25.Qb7xb6 Qf4xf3
26.Qb6a6 Nf6e4
27.Bc2xe4 Qf3xe4
28.Qa6d3 Qe4xd3
29.Rd1xd3 Rd8d5
30.h5 g5
31.Rd3g3 Rd5f5
32.f4 h6
33.fxg5 hxg5
34.Rh1g1 f6
35.Kc2 Kh7
36.Rg3e3 Rc8e8
 { time }
0-1

[Event "1/64 Finale"]
[Site "www.chess-mail.com"]
[Date "2015.11.20"]
[Round "1"]
[White "Gatrooper"]
[Black "Maredocla"]
[WhiteElo "1630"]
[BlackElo "2030"]
[Result "0-1"]
[Round "1"]
1.e4 c5
2.c4 g6
3.h3 Bf8g7
4.a3 Nb8c6
5.Ng1f3 e6
6.d3 Ng8e7
7.Bc1g5 O-O
8.Bg5xe7 Qd8xe7
9.Nb1c3 Bg7xc3
10.bxc3 Qe7f6
11.h4 Qf6xc3
12.Nf3d2 Nc6d4
13.Ra1c1 Qc3xa3
14.Rc1a1 Nd4c2
15.Qd1xc2 Qa3xa1
16.Nd2b1 b5
17.Bf1e2 bxc4
18.O-O cxd3
19.Be2xd3 Qa1f6
20.h5 gxh5
21.Nb1c3 Bc8b7
22.f3 Bb7c6
23.Nc3d1 Qf6d4
24.Nd1f2 Qd4g7
25.e5 Bc6xf3
26.Nf2g4 Bf3xg4
27.Bd3e4 Ra8b8
28.Rf1f6 d5
29.Be4xh7 Qg7xh7
30.Qc2d2 Bg4f5
31.Qd2g5 Qh7g7
32.Qg5xh5 Rb8b2
33.Qh5h2 Qg7g5
34.Rf6h6 Qg5e3
35.Kh1 Rb2b1
{ resign }
0-1

[Event "Eq:Slap Shot Mates-Los Tercios : "]
[Site "www.chess-mail.com"]
[Date "2015.11.20"]
[Round "1"]
[White "Sebolix"]
[Black "Ericleo1980"]
[WhiteElo "2670"]
[BlackElo "2340"]
[Result "1-0"]
[Round "1"]
1.e4 c5
2.Ng1f3 d6
3.Bf1b5 Bc8d7
4.Bb5xd7 Nb8xd7
5.O-O Ng8f6
6.Qd1e2 Qd8c7
7.c3 e6
8.d4 Bf8e7
9.e5 Nf6d5
10.c4 Nd5b6
11.exd6 Qc7xd6
12.b4 cxd4
13.c5 Nd7xc5
14.bxc5 Qd6xc5
15.Nb1d2 h6
16.Nd2b3 Qc5d5
17.Nb3xd4 O-O
18.Ra1b1 Rf8d8
19.Bc1e3 Rd8d7
20.Rf1c1 Be7f6
21.h3 Ra8d8
22.Nd4b5 Nb6c8
23.Qe2c4 a6
24.Qc4xd5 Rd7xd5
25.Nb5c3 Bf6xc3
26.Rc1xc3 Rd5d1
27.Rb1xd1 Rd8xd1
28.Kh2 Nc8d6
29.Rc3c2 Nd6f5
30.Be3b6 Rd1b1
31.Bb6c5 f6
32.g4 b6
33.gxf5 bxc5
34.fxe6 Rb1b5
35.Nf3d4 Rb5a5
36.Nd4b3 Ra5b5
37.Rc2xc5 Rb5b4
38.Rc5c8 { resign }
1-0

[Event "Eq:Angolana Scacchi-Clubul Central de Sah : "]
[Site "www.chess-mail.com"]
[Date "2015.11.20"]
[Round "1"]
[White "Capitaine"]
[Black "Calulalb"]
[WhiteElo "2380"]
[BlackElo "2730"]
[Result "1-0"]
[Round "1"]
1.e4 c5
2.Ng1f3 d6
3.d4 cxd4
4.Nf3xd4 Ng8f6
5.Nb1c3 a6
6.Bc1e3 e5
7.Nd4b3 Bc8e6
8.Bf1e2 Bf8e7
9.O-O Nb8d7
10.f4 Ra8c8
11.fxe5 dxe5
12.Qd1e1 Be7b4
13.Be3d2 O-O
14.Ra1d1 Qd8b6
15.Kh1 Bb4xc3
16.Bd2xc3 Nf6xe4
17.Bc3a5 Qb6c6
18.c3 Nd7f6
19.Be2f3 Be6g4
20.Qe1e2 Bg4xf3
21.Qe2xf3 Qc6a4
22.Rd1a1 Rf8e8
23.Ba5b4 b6
24.Bb4a3 Ne4xc3
25.Ra1c1 Nc3d5
26.Rc1xc8 Re8xc8
27.Qf3f5 Rc8e8
28.Rf1c1  { time }
1-0

[Event "Eq:Clubul Central de Sah-Slap Shot Mates : "]
[Site "www.chess-mail.com"]
[Date "2015.11.20"]
[Round "1"]
[White "Witpar"]
[Black "Calulalb"]
[WhiteElo "2630"]
[BlackElo "2700"]
[Result "1-0"]
[Round "1"]
1.d4 Ng8f6
2.c4 g6
3.Nb1c3 d5
4.Ng1f3 Bf8g7
5.Qd1b3 dxc4
6.Qb3xc4 O-O
7.e4 a6
8.Qc4b3 b5
9.e5 Nf6d7
10.h4 c5
11.e6  { time }
1-0

[Event "Tourn. n8455"]
[Site "www.chess-mail.com"]
[Date "2015.11.21"]
[Round "1"]
[White "Gatrooper"]
[Black "Nikas"]
[WhiteElo "1620"]
[BlackElo "1499"]
[Result "0-1"]
[Round "1"]
1.e4 e5
2.a3 Ng8f6
3.Nb1c3 Nb8c6
4.Ng1f3 Bf8e7
5.d3 O-O
6.Bc1g5 d5
7.Bg5xf6 Be7xf6
8.h3 d4
9.Nc3d5 Bc8e6
10.Nd5b4 Nc6xb4
11.axb4 Qd8d6
12.Bf1e2 Qd6xb4
13.Nf3d2 Bf6g5
14.O-O Bg5xd2
15.c3 dxc3
16.bxc3 Bd2xc3
17.Ra1b1 Qb4d6
18.Rb1c1 Bc3d4
19.Qd1d2 a5
20.Qd2g5 a4
21.h4 a3
22.h5 h6
23.Qg5d2 b5
24.Be2f3 b4
25.Rc1c2 Be6b3
26.Rc2c1 a2
27.Bf3g4 a1Q
28.Rc1xa1 Ra8xa1
29.Rf1xa1 Bd4xa1
30.Kh2 Ba1c3
31.Qd2e3 Bc3d4
32.Qe3g3 Bb3c2
33.Bg4f5 b3
34.f4 exf4
35.Qg3g4 f3
36.g3 f2
37.Kg2 b2
38.e5 Qd6xe5
39.Bf5e4 b1Q
{ resign }
0-1

[Event "Tourn. n8432"]
[Site "www.chess-mail.com"]
[Date "2015.11.21"]
[Round "1"]
[White "Cardiff"]
[Black "Azulmarino"]
[WhiteElo "1780"]
[BlackElo "1740"]
[Result "1-0"]
[Round "1"]
1.e4 e5
2.Ng1f3 Nb8c6
3.Bf1b5 f6
4.d4 a6
5.Bb5xc6 dxc6
6.dxe5 Qd8e7
7.exf6 Ng8xf6
8.e5 Nf6g4
9.O-O Bc8e6
10.Bc1g5 Ng4f6
11.exf6 gxf6
12.Bg5h4 Ra8d8
13.Qd1e2 Rh8g8
14.Nb1c3 Be6h3
15.Qe2xe7 Bf8xe7
16.Bh4g3 Be7d6
17.gxh3 Kd7
18.Kh1 Kc8
19.Ra1d1 f5
20.Bg3xd6 cxd6
21.Rf1g1 Rg8f8
22.Rg1g7 h6
23.Nc3a4 Rd8e8
24.Na4b6 Kb8
25.Nb6d7 { resign }
1-0

[Event "Tourn. n8418"]
[Site "www.chess-mail.com"]
[Date "2015.11.21"]
[Round "1"]
[White "Emerchess"]
[Black "Daquata"]
[WhiteElo "1859"]
[BlackElo "1890"]
[Result "1-0"]
[Round "1"]
1.Ng1f3 d5
2.d4 Ng8f6
3.Bc1f4 Bc8g4
4.Nb1d2 e6
5.h3 Bg4xf3
6.Nd2xf3 c5
7.e3 Nb8c6
8.c3 Bf8d6
9.Bf4xd6 Qd8xd6
10.Bf1d3 O-O
11.O-O Rf8e8
12.Ra1c1 Ra8c8
13.Bd3b1 cxd4
14.exd4 h6
15.Rf1e1 a6
16.Nf3e5 b5
17.Qd1d3 Nc6e7
18.Re1e3 Ne7f5
19.Re3e1 Nf6e4
20.g4 Nf5h4
21.f3 Ne4f6
22.Kf2 Kf8
23.Re1g1 Ke7
24.Qd3e3 b4
25.f4  { time }
1-0

[Event "Tourn. n8444"]
[Site "www.chess-mail.com"]
[Date "2015.11.21"]
[Round "1"]
[White "Asoka"]
[Black "Seger"]
[WhiteElo "2650"]
[BlackElo "2750"]
[Result "1/2-1/2"]
[Round "1"]
1.d4 Ng8f6
2.c4 e6
3.Ng1f3 d5
4.Nb1c3 Bf8e7
5.Bc1f4 O-O
6.e3 c5
7.dxc5 Be7xc5
8.cxd5 Nf6xd5
9.Nc3xd5 exd5
10.a3 Nb8c6
11.Bf1d3 Bc5b6
12.O-O Bc8g4
13.h3 Bg4h5
14.Bd3b5 Ra8c8
15.Ra1c1 Rf8e8
16.b4 a6
17.Bb5e2 Bh5xf3
18.Be2xf3 d4
19.Kh1 g5
20.Bf4g3 dxe3
21.fxe3 Qd8xd1
22.Rc1xd1 Bb6xe3
23.Rd1d7 b5
24.Rd7d3 Be3f4
25.Bg3xf4 gxf4
26.Bf3xc6 Rc8xc6
27.Rf1xf4 { draw }
1/2-1/2

[Event "Tourn. n8473"]
[Site "www.chess-mail.com"]
[Date "2015.11.21"]
[Round "1"]
[White "Ffdd65"]
[Black "Luban"]
[WhiteElo "2180"]
[BlackElo "2040"]
[Result "1-0"]
[Round "1"]
1.e4 c5
2.c3 d5
3.Qd1c2 a6
4.d4 cxd4
5.cxd4 dxe4
6.Qc2xe4 e6
7.Bf1c4 Ng8f6
8.Qe4d3 Nb8c6
9.Ng1f3 Bf8b4
10.Nb1c3 b5
11.Bc4b3 Bc8b7
12.O-O O-O
13.Rf1d1 Nc6a5
14.Bb3c2 Bb7e4
15.Nc3xe4 Nf6xe4
16.Qd3xe4 g6
17.d5 { resign }
1-0

[Event "Tourn. n8455"]
[Site "www.chess-mail.com"]
[Date "2015.11.21"]
[Round "1"]
[White "Roque1"]
[Black "Nikas"]
[WhiteElo "1520"]
[BlackElo "1499"]
[Result "0-1"]
[Round "1"]
1.e4 e5
2.Ng1f3 Nb8c6
3.Bf1b5 a6
4.Bb5a4 b5
5.Ba4b3 Ng8f6
6.d3 d5
7.Nb1c3 dxe4
8.dxe4 Qd8xd1
9.Nc3xd1 Bc8g4
10.Nd1e3 Bg4xf3
11.gxf3 O-O-O
12.Bc1d2 Nc6d4
13.Bd2c3 Nd4xf3
14.Ke2 Nf3d4
15.Bc3xd4 exd4
16.Ne3f5 Nf6xe4
17.Ra1d1 c5
18.Bb3xf7 g6
19.Nf5g3 Ne4g5
20.Ng3e4 Ng5xe4
21.Bf7e6 Kc7
22.f4 Rd8e8
23.Kf3 Re8xe6
24.Rd1e1 Ne4d2
25.Kg4 Re6xe1
26.Rh1xe1 Kd7
27.Re1e5 Bf8d6
28.Re5d5 Ke6
29.Rd5g5 Nd2e4
30.f5 Kf6
31.h4 Ne4xg5
32.hxg5 Kf7
33.f6 h6
34.gxh6 Rh8xh6
35.Kg5 Rh6h5
36.Kg4 Kxf6
37.b3 Rh5h2
38.c4 Rh2xa2
39.cxb5 axb5
40.Kh4 d3
41.b4 d2
42.bxc5 d1Q
43.c6 Qd1h1
44.Kg4 Qh1h5

0-1

[Event "Tourn. n8402"]
[Site "www.chess-mail.com"]
[Date "2015.11.21"]
[Round "1"]
[White "Cardiff"]
[Black "Daquata"]
[WhiteElo "1780"]
[BlackElo "1860"]
[Result "1-0"]
[Round "1"]
1.d4 Ng8f6
2.c4 e6
3.Ng1f3 b6
4.a3 Bc8b7
5.Nb1c3 Bf8e7
6.Bc1g5 d5
7.cxd5 Nf6xd5
8.Bg5xe7 Qd8xe7
9.Ra1c1 O-O
10.e3  { time }
1-0